| 000 | 00469pam a2200145 a 4500 | ||
|---|---|---|---|
| 020 | _a0962813753 (pbk.) : | ||
| 040 | _cDLC | ||
| 082 | 0 | 0 | _a915 STO 1992 A104 Or. |
| 100 | 1 | _aNorthup, Charles H., | |
| 245 | 1 | 4 |
_aThe Japan vacation planner : _bhow to be your own tour guide, spend less, enjoy more, and go anywhere you want / |
| 260 |
_aBerkeley, Calif. : _bStone Bridge Press, _c1992. |
||
| 300 |
_a168 p. : _bill. ; _c24 cm. |
||
| 500 | _aIncludes index. | ||
| 942 | _cEK | ||
| 999 |
_c14355 _d14355 |
||